MARC

LEADER 00000nam0a2200000 4500
001 47720
005 20231101211115.0
010 |a 5318001319 
035 |a (RuTPU)RU\TPU\book\49858 
090 |a 47720 
100 |a 20030220d2002 m y0rusy50 ca 
101 0 |a rus 
102 |a RU 
105 |a a j 001zy 
200 1 |a Внутрифирменное планирование  |e учебник  |f В. В. Царев 
210 |a СПб.  |c Питер  |d 2002 
215 |a 496 с.  |c ил. 
225 1 |a Учебник для вузов 
320 |a Библиогр.: с. 468-476. 
320 |a Указ. имен., предм.,фирм: с. 477-493. 
606 1 |a Предприятия  |x Планирование  |2 stltpush  |3 (RuTPU)RU\TPU\subj\36683  |9 57976 
610 1 |a экономика 
610 1 |a предприятия 
610 1 |a фирмы 
610 1 |a планирование 
610 1 |a внутрифирменное планирование 
610 1 |a стратегическое планирование 
610 1 |a прогнозирование 
610 1 |a плановые задачи 
610 1 |a моделирование 
610 1 |a производство 
610 1 |a сбыт 
610 1 |a продукция 
610 1 |a календарно-плановые нормативы 
610 1 |a календарные планы 
610 1 |a эффективность 
610 1 |a оценка 
610 1 |a учебники 
686 |a У9(2)29-23я73  |v LBC/SL-A  |2 rubbk 
700 1 |a Царев  |b В. В.  |g Виктор Васильевич 
801 1 |a RU  |b 63413507  |c 20030220  |g PSBO 
801 2 |a RU  |b 63413507  |c 20220530  |g PSBO 
942 |c BK